LEADER 00868nam0-2200277---450- 001 990009212300403321 005 20100727123711.0 035 $a000921230 035 $aFED01000921230 035 $a(Aleph)000921230FED01 035 $a000921230 100 $a20100727d1935----km-y0itay50------ba 101 0 $aita 102 $aIT 105 $aa---j---001yy 200 1 $a<>gallina livornese e le sue principali sottorazze$eDieci tavole a colori con una nota introduttiva del professore Alessandro Ghigi 210 $aMilano-Roma$cIstituto Bertieri$d1935 215 $a4 fig. p. 46 700 1$aGhigi,$bAlessandro$f<1875-1970>$070361 801 0$aIT$bUNINA$gRICA$2UNIMARC 901 $aBK 912 $a990009212300403321 952 $a636.5-32$binv$fDMVBF 959 $aDMVBF 996 $aGallina livornese e le sue principali sottorazze$9777407 997 $aUNINA LEADER 00941nam0-22002891i-450 001 990005486890403321 005 20251216162813.0 035 $a000548689 035 $aFED01000548689 035 $a(Aleph)000548689FED01 100 $a19990604d1962----km-y0itay50------ba 101 0 $afre 102 $aFR 105 $af---b---001yy 200 1 $a<>Catalogne dans L'Espagne moderne$erecherche sur les fondements économique des structures nationales$fPierre Vilar 210 $aParis$cS.E.V.P.E.N.$d1962 215 $a717 p.$ctav.$d25 cm 225 1 $aBibliothèque générale de l'École pratique des hautes études$v6 676 $a946.7$v21$zita 700 1$aVilar,$bPierre$f<1906-2003>$0125996 801 0$aIT$bUNINA$gRICA$2UNIMARC 901 $aBK 912 $a990005486890403321 952 $a946.7 VIL 1 (1-3)$bST.MED.MOD. 1887$fFLFBC 959 $aFLFBC 996 $aCatalogne dans L'Espagne moderne$9590009 997 $aUNINA